[Event "Eastpointe (EDO/5/7)"]
[Site "?"]
[Date "1994.??.??"]
[Round "?"]
[White "Franke, R."]
[Black "Dangremond, Leonard"]
[Result "0-1"]
[WhiteElo "1815"]
[BlackElo "2070"]
[PlyCount "76"]
[EventDate "1994.??.??"]

{5/(7)} 1. d4 d5 2. c4 e6 3. Nf3 Nf6 4. e3 Nbd7 5. Nc3 c6 6. a3 Bd6 7. Bd3 O-O
8. e4 dxe4 9. Nxe4 Nxe4 10. Bxe4 Nf6 11. Bd3 b5 12. O-O bxc4 13. Bxc4 Qb6 14.
Qc2 Ba6 15. Bxa6 Qxa6 16. Bg5 Nd5 17. Rac1 Rfc8 18. Rfe1 c5 19. dxc5 Rxc5 20.
Qd2 Rac8 21. Rxc5 Rxc5 22. Rc1 Qc8 23. Rxc5 Qxc5 24. Ne1 h6 25. Be3 Nxe3 26.
fxe3 Bf4 27. Nc2 Bc7 28. g3 h5 29. b4 Qg5 30. Ne1 Bb6 31. Nc2 h4 32. Kg2 Qg4
33. Qd3 h3+ 34. Kf2 e5 35. a4 a5 36. bxa5 Bxa5 37. e4 Qg5 38. Qd1 Qf6+ 0-1

[Event "Eastpointe (US Am N/5/18)"]
[Site "?"]
[Date "1994.??.??"]
[Round "?"]
[White "Franke, R."]
[Black "Carpenter, George"]
[Result "1-0"]
[WhiteElo "1800"]
[BlackElo "1605"]
[PlyCount "55"]
[EventDate "1994.??.??"]

{5/(18)} 1. d4 d5 2. c4 Nf6 3. Nf3 e6 4. e3 Be7 5. Bd3 O-O 6. O-O Nbd7 7. Nc3
c5 8. Re1 dxc4 9. Bxc4 cxd4 10. exd4 Qc7 11. Bd3 a6 12. Bd2 b5 13. Rc1 Qb6 14.
h3 Bb7 15. a3 Bd6 16. Be3 Nd5 17. Nxd5 Bxd5 18. Ne5 Nf6 19. Bg5 Rad8 20. Bxf6
gxf6 21. Qh5 f5 22. Qg5+ Kh8 23. Qf6+ Kg8 24. Re3 Bxe5 25. dxe5 Qxe3 26. fxe3
Bxg2 27. Kxg2 Rxd3 28. Kf3 1-0

[Event "Eastpointe (MI Action/2/14)"]
[Site "?"]
[Date "1994.??.??"]
[Round "?"]
[White "Franke, R."]
[Black "Aldrich, Justin"]
[Result "1-0"]
[WhiteElo "1800"]
[BlackElo "1605"]
[PlyCount "47"]
[EventDate "1994.??.??"]

{2/(14)} 1. d4 d5 2. c4 dxc4 3. Nc3 Bf5 4. e4 Bg6 5. Bxc4 e6 6. Nf3 Bb4 7. O-O
Bxc3 8. bxc3 Bxe4 9. Re1 Nf6 10. Ba3 Nbd7 11. Ng5 Bd5 12. Nxe6 Bxe6 13. Bxe6
fxe6 14. Rxe6+ Kf7 15. Qb3 Kg6 16. Rae1 Re8 17. Re7 Rxe7 18. Rxe7 c5 19. Qf7+
Kf5 20. h3 Qg8 21. g4+ Kg5 22. Bc1+ Kh4 23. Rxd7 Nxd7 24. Qh5# 1-0

[Event "Grand Rapids (MI Am/5/14)"]
[Site "?"]
[Date "1994.??.??"]
[Round "?"]
[White "Fowler, B."]
[Black "Worley, Ron"]
[Result "0-1"]
[WhiteElo "1605"]
[BlackElo "1605"]
[PlyCount "88"]
[EventDate "1994.??.??"]

{5/(14)} 1. d4 Nf6 2. f3 g6 3. e4 d6 4. Nc3 Bg7 5. h4 Nbd7 6. Bd3 O-O 7. Be3 c5
8. dxc5 Nxc5 9. Qd2 e6 10. g4 Nxd3+ 11. cxd3 d5 12. Nge2 dxe4 13. Nxe4 Nxe4 14.
fxe4 b6 15. h5 Ba6 16. Nf4 g5 17. h6 Be5 18. Nxe6 fxe6 19. Ke2 Bf4 20. Raf1
Bxe3 21. Rxf8+ Qxf8 22. Qxe3 Qf4 23. Qxf4 gxf4 24. Rd1 e5 25. b4 Kf7 26. a4 Kg6
27. b5 Bc8 28. d4 Bxg4+ 29. Kd2 Bxd1 30. Kxd1 Kxh6 31. d5 Kg5 32. Ke2 Kg4 33.
Kf2 Rc8 34. d6 Rd8 35. a5 Rxd6 36. axb6 axb6 37. Ke2 h5 38. Kf2 Rd3 39. Kg2
Rd2+ 40. Kf1 Kf3 41. Ke1 Ke3 42. Kf1 Ra2 43. Kg1 Kf3 44. Kh1 Kg3 0-1

[Event "Grand Rapids (MI Am/2/30)"]
[Site "?"]
[Date "1994.??.??"]
[Round "?"]
[White "Fowler, B."]
[Black "Vangilder, W."]
[Result "1/2-1/2"]
[WhiteElo "1605"]
[BlackElo "1605"]
[PlyCount "23"]
[EventDate "1994.??.??"]

{2/(30)} 1. d4 Nf6 2. f3 d5 3. e4 dxe4 4. Nc3 exf3 5. Nxf3 Bg4 6. Be3 e6 7. h3
Bh5 8. Be2 Bd6 9. O-O Bg6 10. Bg5 Nbd7 11. Bd3 Bxd3 12. Qxd3 1/2-1/2

[Event "Grand Rapids (MI Am/3/31)"]
[Site "?"]
[Date "1994.??.??"]
[Round "?"]
[White "Fowler, B."]
[Black "Repas, B."]
[Result "1-0"]
[WhiteElo "1605"]
[BlackElo "1605"]
[PlyCount "113"]
[EventDate "1994.??.??"]

{3/(31)} 1. d4 d5 2. e4 dxe4 3. Nc3 e3 4. Bxe3 e6 5. Bc4 Nf6 6. d5 exd5 7. Nxd5
Nxd5 8. Bxd5 Nd7 9. Nf3 c6 10. Bc4 Be7 11. O-O O-O 12. Qd2 b5 13. Bd3 Bf6 14.
Bg5 h6 15. Bxh6 Bxb2 16. Rab1 Qf6 17. Bg5 Qc3 18. Qxc3 Bxc3 19. Rb3 b4 20. Be7
Re8 21. Bxb4 Bxb4 22. Rxb4 Ne5 23. Re4 Nxf3+ 24. gxf3 Be6 25. Bc4 Bf5 26. Rxe8+
Rxe8 27. Bd3 Be6 28. Re1 Kf8 29. a4 g5 30. Kg2 f5 31. Re5 g4 32. Bxf5 gxf3+ 33.
Kxf3 Bd5+ 34. Kf4 Rb8 35. Be6 Rb4+ 36. Kg5 Bg2 37. Bb3 Rb7 38. Kf6 Bd5 39. Bxd5
cxd5 40. Rxd5 Rf7+ 41. Ke6 Rxf2 42. Rd8+ Kg7 43. Rd7+ Kf8 44. Rxa7 Rxh2 45. c4
Rh6+ 46. Kd5 Rh5+ 47. Kd4 Rh4+ 48. Kc3 Rh3+ 49. Kb4 Rh1 50. c5 Rb1+ 51. Kc4 Rb8
52. c6 Ke8 53. Kc5 Rc8 54. Rd7 Rd8 55. Rxd8+ Kxd8 56. Kb6 Kc8 57. c7 1-0

[Event "Warren (Warmup"]
[Site "?"]
[Date "1994.??.??"]
[Round "?"]
[White "Forte, Joe"]
[Black "Tsemekhman, Vadim"]
[Result "0-1"]
[WhiteElo "1940"]
[BlackElo "2470"]
[PlyCount "48"]
[EventDate "1994.??.??"]

1. d4 {[E81]} Nf6 2. c4 g6 3. Nc3 Bg7 4. e4 d6 5. f3 O-O 6. Be3 c6 7. Qd2 e5 8.
dxe5 dxe5 9. Qxd8 Rxd8 10. Rd1 Rxd1+ 11. Kxd1 Be6 12. b3 Bf8 13. Nge2 Na6 14.
Ke1 Nb4 15. Ng3 Nc2+ 16. Kd2 Nxe3 17. Kxe3 Rd8 18. Nb1 h5 19. h4 Ng4+ $1 20.
Ke2 (20. fxg4 Bc5+ 21. Ke2 (21. Kf3 Bxg4#) 21... Bxg4+ 22. Ke1 Rd1#) 20... Bc5
21. Ke1 Bf2+ {[0-1]} 22. Ke2 Bxg3 23. fxg4 Bxg4+ 24. Ke3 Rd1 {with total
paralysis.} 0-1

[Event "Warren (Warmup"]
[Site "?"]
[Date "1994.??.??"]
[Round "?"]
[White "Forte, Joe"]
[Black "Toma, A."]
[Result "1-0"]
[WhiteElo "1940"]
[BlackElo "2200"]
[PlyCount "57"]
[EventDate "1994.??.??"]

1. d4 Nf6 2. c4 e6 3. Nc3 Bb4 4. a3 Bxc3+ 5. bxc3 d6 6. Qc2 e5 7. e4 O-O 8. Bd3
Nc6 9. Ne2 b6 10. f3 Ba6 11. Bg5 Na5 12. Qa2 c5 13. d5 h6 14. Bh4 g5 15. Bf2
Nh5 16. g4 Nf4 17. Nxf4 exf4 18. h4 Kg7 19. Kd2 Rh8 20. Rh2 Qd7 21. a4 Rae8 22.
Rah1 f6 23. Kc1 Qf7 24. Be1 Qd7 25. hxg5 hxg5 26. e5 Bxc4 27. Rh7+ Rxh7 28.
Rxh7+ Kf8 29. Qh2 1-0

[Event "Detroit (MCO/A/1a/4)"]
[Site "?"]
[Date "1994.??.??"]
[Round "?"]
[White "Forte, Joe"]
[Black "Takriti, Samer"]
[Result "1/2-1/2"]
[WhiteElo "1955"]
[BlackElo "1850"]
[PlyCount "120"]
[EventDate "1994.??.??"]

1. d4 Nf6 2. c4 g6 3. Nc3 Bg7 4. e4 O-O 5. f3 d6 6. Be3 Nc6 7. Qd2 a6 8. Nge2
Rb8 9. g4 e5 10. d5 Na5 11. Ng3 b5 12. cxb5 axb5 13. Nxb5 Ra8 14. Rc1 c5 15.
dxc6 d5 16. c7 Qd7 17. exd5 Nxd5 18. b4 Nc6 19. Bc5 Re8 20. Bc4 Nd4 21. Nxd4
exd4+ 22. Kf2 Ne3 23. Rhe1 Bb7 24. Nf1 Qc6 25. Rxe3 dxe3+ 26. Nxe3 Qxf3+ 27.
Ke1 Qh1+ 28. Bf1 Bh6 29. Qf2 Bxe3 30. Bxe3 Ra3 31. Kd2 Qe4 32. Bc4 Qxe3+ 33.
Qxe3 Rexe3 34. Bb3 Re8 35. Kd3 Ra6 36. b5 Raa8 37. Kd4 Re7 38. b6 Kf8 39. Kc5
Ke8 40. a4 Re5+ 41. Kd4 Re4+ 42. Kd3 Rb4 43. Bd5 Bxd5 44. c8=Q+ Rxc8 45. Rxc8+
Ke7 46. Rc7+ Kd6 47. a5 Rb5 48. Ra7 Kc5 49. g5 Kb4 50. Kd4 Bc6 51. Rxf7 Kxa5
52. Rxh7 Kxb6 53. h4 Rd5+ 54. Ke3 Re5+ 55. Kd4 Re6 56. h5 gxh5 57. Rxh5 Rg6 58.
Ke3 Kc5 59. Kf4 Kd4 60. Rh6 Rxh6 1/2-1/2

[Event "Detroit (MCO/A/1b/2)"]
[Site "?"]
[Date "1994.??.??"]
[Round "?"]
[White "Forte, Joe"]
[Black "Morris, Jewell"]
[Result "0-1"]
[WhiteElo "1955"]
[BlackElo "1905"]
[PlyCount "138"]
[EventDate "1994.??.??"]

1. d4 d5 2. c4 c6 3. Nc3 Nf6 4. Nf3 Nbd7 5. e3 e6 6. Bd3 dxc4 7. Bxc4 b5 8. Bd3
a6 9. O-O c5 10. b3 Bb7 11. Bb2 cxd4 12. exd4 Qb6 13. Re1 Bb4 14. a3 Bxc3 15.
Bxc3 Nd5 16. Bb2 O-O 17. Rc1 N7f6 18. Qd2 Qd6 19. Ne5 Ne7 20. Rc5 Rac8 21. Rec1
Rxc5 22. Rxc5 Rc8 23. Qc2 h6 24. Rxc8+ Nxc8 25. Qc5 Qd5 26. Qxd5 Bxd5 27. b4
Nb6 28. f3 Nh5 29. Kf2 Nf4 30. Bf1 f6 31. Ng4 Nc4 32. Bc1 Ng6 33. Ke2 Ne7 34.
Nf2 Nc6 35. Kd3 Nxa3 36. Kc3 Nc4 37. Nd3 g5 38. Nc5 a5 39. bxa5 N6xa5 40. Kb4
Nc6+ 41. Kc3 b4+ 42. Kd3 Na3 43. Bxa3 bxa3 44. Kc3 a2 45. Kb2 Nb4 46. Bd3 Nc6
47. Be4 Nb4 48. Bxd5 exd5 49. Nb3 Kf7 50. Kc3 Nc6 51. Kb2 Nb4 52. Kc3 Nc6 53.
Kb2 f5 54. g3 Kg6 55. Kxa2 Kh5 56. Kb2 f4 57. Kc3 g4 58. gxf4 gxf3 59. Kd3 Kg4
60. Ke3 Ne7 61. Kf2 Nf5 62. Nc5 Kxf4 63. Ne6+ Ke4 64. h3 Nxd4 65. Nxd4 Kxd4 66.
Kxf3 Kc3 67. Ke2 d4 68. Kd1 Kd3 69. h4 h5 0-1

[Event "Detroit (MCO/A/2b/6)"]
[Site "?"]
[Date "1994.??.??"]
[Round "?"]
[White "Forte, Joe"]
[Black "McGrath, Michael"]
[Result "1-0"]
[WhiteElo "1955"]
[BlackElo "1830"]
[PlyCount "81"]
[EventDate "1994.??.??"]

1. d4 f5 2. c4 Nf6 3. Nc3 g6 4. Nf3 Bg7 5. g3 O-O 6. Bg2 d6 7. O-O Qe8 8. Qc2
e5 9. dxe5 dxe5 10. Nd5 c6 11. Nc7 Qf7 12. Nxa8 Na6 13. Nxe5 Qe7 14. f4 Be6 15.
Be3 Rxa8 16. Rad1 Ne8 17. Bd4 Nd6 18. b3 Nc7 19. Bc5 Nce8 20. Qd3 Bf8 21. Rd2
Qc7 22. Rfd1 Nf7 23. Bxf8 Kxf8 24. Qc3 Rc8 25. Nd7+ Bxd7 26. Rxd7 Qb6+ 27. c5
Qa6 28. Rxf7+ Kxf7 29. Rd7+ Kg8 30. Qe5 Qxa2 31. Qe6+ Kh8 32. Rf7 Qa1+ 33. Bf1
Qd4+ 34. e3 Qe4 35. Qxc8 Qxe3+ 36. Kg2 Qe4+ 37. Kh3 Qe1 38. Kh4 h6 39. Rf8+ Kg7
40. Qxe8 g5+ 41. Kh5 1-0

[Event "Warren (Warmup"]
[Site "?"]
[Date "1994.??.??"]
[Round "?"]
[White "Forte, Joe"]
[Black "Harris, G."]
[Result "1-0"]
[WhiteElo "1940"]
[BlackElo "2055"]
[PlyCount "44"]
[EventDate "1994.??.??"]

1. d4 Nf6 2. c4 d6 3. Nc3 g6 4. e4 Bg7 5. f3 Nbd7 6. Be3 c6 7. Qd2 h5 8. h4 Qc7
9. Bd3 c5 10. Nge2 a6 11. d5 Ne5 12. Nc1 Rb8 13. a4 Qa5 14. O-O Qb4 15. b3 Nh7
16. N1e2 Qxb3 17. Rfb1 Qa3 18. Kh1 b5 19. Nc1 Nxc4 20. Rxa3 Nxd2 21. Bxd2 b4
22. Nd1 O-O 1-0

[Event "Detroit (MCO/A/3b/3)"]
[Site "?"]
[Date "1994.??.??"]
[Round "?"]
[White "Forte, Joe"]
[Black "Harma, K."]
[Result "0-1"]
[WhiteElo "1955"]
[BlackElo "1845"]
[PlyCount "70"]
[EventDate "1994.??.??"]

1. d4 d5 2. c4 Nf6 3. Nc3 Bf5 4. f3 e6 5. Bg5 Bb4 6. a3 Bxc3+ 7. bxc3 h6 8. Bh4
g5 9. Bf2 O-O 10. e3 c5 11. Bd3 cxd4 12. exd4 Bxd3 13. Qxd3 dxc4 14. Qxc4 Qd5
15. Qd3 e5 16. Ne2 e4 17. fxe4 Qxe4 18. Qxe4 Nxe4 19. O-O Nc6 20. Rfe1 Rac8 21.
Rac1 Na5 22. d5 Nxf2 23. Kxf2 Rfd8 24. Red1 Rc5 25. c4 Rxc4 26. Rxc4 Nxc4 27.
a4 f5 28. Nc3 a6 29. Rd4 Nd6 30. Rb4 Kf7 31. Ke3 f4+ 32. Kf3 Kf6 33. Rb6 Ke5
34. Ke2 Kd4 35. Kd2 Nc4+ 0-1

[Event "Detroit (CAO/4/11)"]
[Site "?"]
[Date "1994.??.??"]
[Round "?"]
[White "Ford, D."]
[Black "Sturgis, Derreck"]
[Result "1-0"]
[WhiteElo "1605"]
[BlackElo "1605"]
[PlyCount "109"]
[EventDate "1994.??.??"]

{4/(11)} 1. d4 d5 2. c4 e6 3. Nc3 Nf6 4. a3 c5 5. Nf3 cxd4 6. Nxd4 e5 7. Nf3 d4
8. Nd5 Nxd5 9. cxd5 Qxd5 10. e3 Nd7 11. exd4 exd4 12. Nxd4 Nf6 13. b3 Qe5+ 14.
Qe2 Bd6 15. Nf3 Qxe2+ 16. Bxe2 O-O 17. O-O Re8 18. Bb5 Bd7 19. Bxd7 Nxd7 20.
Bb2 Rac8 21. Rfe1 h6 22. Rxe8+ Rxe8 23. g3 Re2 24. Bd4 Bc5 25. b4 Bxd4 26. Nxd4
Rd2 27. Nf3 Rb2 28. Rd1 Nb6 29. Rd8+ Kh7 30. Rb8 Nc4 31. Rxb7 Nxa3 32. Rxa7 Nc2
33. Rxf7 Rb1+ 34. Kg2 Ne1+ 35. Nxe1 Rxe1 36. b5 Rb1 37. Rb7 Rb2 38. b6 Kg6 39.
Kf3 Kf6 40. g4 g5 41. Ke3 Kg6 42. Rb8 Kg7 43. f4 gxf4+ 44. Kxf4 Rxh2 45. b7 Rb2
46. Ke5 Rb3 47. Kd6 Rb4 48. Kd7 Rxg4 49. Ra8 Rd4+ 50. Kc6 Rc4+ 51. Kd5 Rb4 52.
b8=Q Kf6 53. Qxb4 Kf7 54. Ra6 h5 55. Qb7+ 1-0

[Event "Detroit (CAO/2/5)"]
[Site "?"]
[Date "1994.??.??"]
[Round "?"]
[White "Ford, D."]
[Black "Moody, David"]
[Result "0-1"]
[WhiteElo "1605"]
[BlackElo "2000"]
[PlyCount "104"]
[EventDate "1994.??.??"]

{2/(5)} 1. d4 Nf6 2. c4 c5 3. Nc3 cxd4 4. Qxd4 Nc6 5. Qd2 e6 6. a3 d5 7. cxd5
exd5 8. Nf3 Bc5 9. e3 O-O 10. Bd3 d4 11. exd4 Re8+ 12. Ne2 Bxd4 13. O-O Bb6 14.
h3 Qc7 15. Qc2 h6 16. Bf4 Rxe2 17. Bxc7 Rxc2 18. Bxc2 Bxc7 19. Rad1 Be6 20. Nd4
Nxd4 21. Rxd4 Be5 22. Rb4 b6 23. Rb5 Nd7 24. b3 Rc8 25. Be4 a6 26. Rb4 Bc3 27.
Ra4 Nc5 28. Rxa6 Nxa6 29. Bb7 Nc5 30. Bxc8 Bxc8 31. Rc1 Bd4 32. b4 Bb2 33. Rc2
Bxa3 34. bxc5 Bxc5 35. g4 Be6 36. Kf1 Kf8 37. Ke2 Ke7 38. Kd3 Kd6 39. f4 b5 40.
f5 Bd5 41. Rb2 b4 42. h4 b3 43. Kd2 Ba3 44. Rxb3 Bxb3 45. Ke3 Ke5 46. h5 f6 47.
Kf3 Bc5 48. Kg3 Ke4 49. Kh3 Kf3 50. Kh2 Bc4 51. Kh1 Kg3 52. g5 Bd5# 0-1

[Event "Detroit (CAO/5/6)"]
[Site "?"]
[Date "1994.??.??"]
[Round "?"]
[White "Ford, D."]
[Black "Jointer, William"]
[Result "0-1"]
[WhiteElo "1605"]
[BlackElo "1700"]
[PlyCount "90"]
[EventDate "1994.??.??"]

{5/(6)} 1. d4 g6 2. e4 Bg7 3. e5 d6 4. Bf4 Nc6 5. c4 dxe5 6. Bg3 Nxd4 7. Nf3
Bg4 8. Be2 Nxe2 9. Qxe2 Bxf3 10. Qxf3 e4 11. Qb3 Nf6 12. O-O O-O 13. Qxb7 Rb8
14. Qxa7 Rxb2 15. Bxc7 Qc8 16. Na3 Rb7 17. Qa5 Qxc7 18. Qxc7 Rxc7 19. Rac1 Ra8
20. Nb5 Rc5 21. Rc2 Nd5 22. Rfc1 Nb4 23. Rd2 Rxa2 24. Rd8+ Bf8 25. Nc3 Rc2 26.
Rxc2 Nxc2 27. Nxe4 Rxc4 28. Nd2 Rd4 29. Rxd4 Nxd4 30. f4 f6 31. Kf2 e6 32. g4
Bc5 33. Kf1 Kg7 34. Ne4 Bb6 35. g5 f5 36. Nf6 Bd8 37. Ne8+ Kf7 38. Nd6+ Ke7 39.
Nc8+ Kd7 40. Na7 Bb6 41. Kg2 Bxa7 42. Kg3 Bb8 43. h4 Ne2+ 44. Kf3 Nxf4 45. Kg3
e5 0-1

[Event "Gaylord (NMO/2/9)"]
[Site "?"]
[Date "1994.??.??"]
[Round "?"]
[White "Foote, Greg"]
[Black "O'Dell, Ray"]
[Result "1-0"]
[WhiteElo "1705"]
[BlackElo "1605"]
[PlyCount "37"]
[EventDate "1994.??.??"]

{2/(9)} 1. e4 e5 2. Nf3 Nc6 3. Bb5 Nf6 4. O-O a6 5. Ba4 b5 6. Bb3 Bc5 7. c3
Nxe4 8. d4 Bb6 9. dxe5 O-O 10. Qd3 Nxf2 11. Rxf2 Bxf2+ 12. Kxf2 d6 13. Bc2 g6
14. Bg5 Bf5 15. Qe3 Qb8 16. Bxf5 gxf5 17. Bf6 Qb6 18. Nd4 dxe5 19. Qg5# 1-0

[Event "Gaylord (NMO/3/4)"]
[Site "?"]
[Date "1994.??.??"]
[Round "?"]
[White "Foote, Greg"]
[Black "Moody, David"]
[Result "0-1"]
[WhiteElo "1705"]
[BlackElo "2000"]
[PlyCount "64"]
[EventDate "1994.??.??"]

{3/(4)} 1. e4 e5 2. Nf3 Nc6 3. Bc4 Nf6 4. d3 Bc5 5. O-O d6 6. h3 Be6 7. Bxe6
fxe6 8. Be3 Bb6 9. Nc3 Qe7 10. Bxb6 axb6 11. Nb5 h6 12. a4 g5 13. Nh2 O-O-O 14.
f3 h5 15. c3 Rdg8 16. b4 g4 17. fxg4 hxg4 18. hxg4 Rxh2 19. Rxf6 Qxf6 20. Kxh2
Qf2 21. Qf3 Rh8+ 22. Qh3 Qf4+ 23. Kh1 Rxh3+ 24. gxh3 Qg3 25. Rf1 Qxh3+ 26. Kg1
Qxg4+ 27. Kf2 Ne7 28. Ke1 Ng6 29. Rf7 Nf4 30. Rxc7+ Kd8 31. Kd2 Qe2+ 32. Kc1
Nxd3+ 0-1

[Event "Gaylord (NMO/5/5)"]
[Site "?"]
[Date "1994.??.??"]
[Round "?"]
[White "Foote, Greg"]
[Black "Burris, D."]
[Result "0-1"]
[WhiteElo "1705"]
[BlackElo "1740"]
[PlyCount "108"]
[EventDate "1994.??.??"]

{5/(5)} 1. e4 c6 2. d4 d5 3. e5 Bf5 4. Bd3 Bxd3 5. Qxd3 e6 6. Nf3 c5 7. c3 Qb6
8. O-O Nc6 9. Nbd2 Nge7 10. Ng5 cxd4 11. cxd4 Qxd4 12. Qxd4 Nxd4 13. f4 Nec6
14. Ndf3 Nc2 15. Rb1 Bc5+ 16. Kh1 h6 17. Nh3 O-O-O 18. Nf2 Rd7 19. Nd3 Bb6 20.
Bd2 Kb8 21. b4 Ne3 22. Bxe3 Bxe3 23. Rfe1 Bb6 24. a4 a6 25. b5 axb5 26. Rxb5
Ba7 27. Reb1 Rc8 28. a5 Ka8 29. h3 Nd4 30. Nxd4 Bxd4 31. a6 b6 32. R5b4 Rc4 33.
Rb5 Ka7 34. Nb2 Rc6 35. Rb4 Bc5 36. Rb3 Rdc7 37. Nd3 Be3 38. Kh2 Bd2 39. Nb4
Rc3 40. g3 Rxb3 41. Rxb3 Bxb4 42. Rxb4 Kxa6 43. Kg2 Rc4 44. Rb2 b5 45. Kf2 b4
46. Ke2 Ka5 47. Kd3 Ka4 48. Rb1 Ka3 49. Ra1+ Kb2 50. Rg1 b3 51. Rg2+ Ka3 52. f5
b2 53. Rxb2 Kxb2 54. fxe6 fxe6 0-1

[Event "Fowlerville (Jun)"]
[Site "?"]
[Date "1994.??.??"]
[Round "?"]
[White "Foord, Allan"]
[Black "Woods, I."]
[Result "1-0"]
[WhiteElo "1615"]
[BlackElo "1605"]
[PlyCount "114"]
[EventDate "1994.??.??"]

1. e4 c6 2. d4 d5 3. Bd3 e6 4. exd5 exd5 5. Nf3 Nf6 6. Bg5 Be7 7. O-O Be6 8.
Re1 Qc7 9. Nbd2 O-O 10. Rc1 Nbd7 11. c4 Bd6 12. h3 c5 13. cxd5 Bxd5 14. dxc5
Bxc5 15. b4 Bxf3 16. Nxf3 Bxf2+ 17. Kxf2 Qb6+ 18. Kf1 Qxb4 19. Rb1 Qa3 20. Rxb7
Nc5 21. Bxf6 Nxb7 22. Be7 Qxa2 23. Bxf8 Rxf8 24. Re7 Nc5 25. Bb1 Qc4+ 26. Kg1
a5 27. Rc7 Qa4 28. Qc2 g6 29. Rxc5 Qa1 30. Kh2 Rb8 31. Rc8+ Rxc8 32. Qxc8+ Kg7
33. Bc2 Qf6 34. Qc4 h6 35. Qd4 Qxd4 36. Nxd4 f6 37. Bb3 f5 38. g3 Kf6 39. Nc6
Kg5 40. Kg2 f4 41. Nxa5 fxg3 42. Kxg3 Kf6 43. Nc4 g5 44. Kg4 Kg6 45. Ne5+ Kf6
46. Nf7 Kg7 47. Kh5 Kh7 48. Nxh6 Kg7 49. Kxg5 Kh7 50. h4 Kg7 51. h5 Kh7 52.
Bc2+ Kg7 53. Nf5+ Kh7 54. Kf6 Kh8 55. Kg6 Kg8 56. Nh6+ Kh8 57. Nf7+ Kg8 1-0

[Event "Detroit (Class B/1/5)"]
[Site "?"]
[Date "1994.??.??"]
[Round "?"]
[White "Foord, Allan"]
[Black "Walker, LeRoy"]
[Result "0-1"]
[WhiteElo "1680"]
[BlackElo "1750"]
[PlyCount "70"]
[EventDate "1994.??.??"]

{1/(5)} 1. e4 c6 2. d4 d5 3. exd5 Qxd5 4. Nc3 Qa5 5. Bd2 Qb6 6. Bc1 Nf6 7. Bc4
Bf5 8. Nf3 e6 9. O-O Bd6 10. Bb3 Qc7 11. Re1 O-O 12. Bg5 Ng4 13. h3 Nf6 14.
Bxf6 gxf6 15. Qd2 Kh8 16. Qh6 Nd7 17. Ne4 Bf4 18. Qh4 Kg7 19. g4 Bg6 20. g5
fxg5 21. Nexg5 h6 22. Ne4 Rg8 23. Rad1 Kf8 24. Nf6 Nxf6 25. Qxf6 Be4+ 26. Kf1
Bxf3 27. Rd3 Bg2+ 28. Ke2 Bg5 29. Qe5 Qxe5+ 30. dxe5 Ke7 31. c4 Rad8 32. Red1
Be4 33. Rd6 c5 34. f3 Bc6 35. a3 Bf4 0-1

[Event "Flint (MI Senior/3/7)"]
[Site "?"]
[Date "1994.??.??"]
[Round "?"]
[White "Foord, Allan"]
[Black "Timberlake, B."]
[Result "1-0"]
[WhiteElo "1615"]
[BlackElo "1605"]
[PlyCount "35"]
[EventDate "1994.??.??"]

{3/(7)} 1. e4 g6 2. d4 d5 3. exd5 Qxd5 4. Nc3 Qa5 5. Bc4 c6 6. Nf3 Bg4 7. h3
Be6 8. Qe2 Bg7 9. Bxe6 fxe6 10. Qxe6 Nd7 11. Bf4 Qb6 12. O-O c5 13. Qxb6 axb6
14. Nd5 Rc8 15. Nc7+ Kf7 16. Ng5+ Kf6 17. Nd5+ Kf5 18. g4# 1-0

[Event "Eastpointe (US Am N/2/31)"]
[Site "?"]
[Date "1994.??.??"]
[Round "?"]
[White "Foord, Allan"]
[Black "Sturgis, Derreck"]
[Result "1-0"]
[WhiteElo "1615"]
[BlackElo "1605"]
[PlyCount "67"]
[EventDate "1994.??.??"]

{2/(31)} 1. e4 c5 2. Nf3 Nc6 3. d4 cxd4 4. Nxd4 Nf6 5. Nc3 e5 6. Ndb5 d6 7. Bg5
Be6 8. Bxf6 gxf6 9. Qd2 a6 10. Na3 f5 11. Bd3 f4 12. Nc4 b5 13. Nd5 Bxd5 14.
exd5 bxc4 15. Bxc4 Ne7 16. O-O h5 17. Qe2 a5 18. Bb5+ Nc6 19. Bxc6+ Ke7 20.
Bxa8 Qxa8 21. Rfd1 Qb7 22. b3 Bh6 23. f3 h4 24. h3 Rg8 25. Qe1 Qc7 26. Qxh4+
Kd7 27. Qxh6 Qxc2 28. g4 fxg3 29. Qd2 Qc5+ 30. Kg2 f5 31. Rac1 Qb6 32. Rc6 Qd8
33. Qh6 Qe7 34. Rdc1 1-0

[Event "Detroit (MOR/3/4)"]
[Site "?"]
[Date "1994.??.??"]
[Round "?"]
[White "Foord, Allan"]
[Black "Stockton, T."]
[Result "1-0"]
[WhiteElo "1650"]
[BlackElo "1760"]
[PlyCount "135"]
[EventDate "1994.??.??"]

{3/(4)} 1. e4 e5 2. Nf3 Nc6 3. Bb5 a6 4. Ba4 Nf6 5. O-O Be7 6. Re1 b5 7. Bb3
O-O 8. a4 Bb7 9. d3 d6 10. c3 Na5 11. Ba2 c5 12. Nbd2 Nc6 13. Nf1 b4 14. Ne3
Bc8 15. Bd2 Be6 16. Bxe6 fxe6 17. Qb3 Qd7 18. Ng5 d5 19. exd5 exd5 20. Rac1 Na5
21. Qa2 b3 22. Qb1 Qxa4 23. Nf5 Bd8 24. Rxe5 Qa2 25. Ne6 Qxb1 26. Rxb1 Nc6 27.
Ree1 Rf7 28. Nxc5 Bb6 29. Nxb3 Ng4 30. Nbd4 Nxd4 31. Nxd4 Rxf2 32. Bg5 Rf5 33.
Bh4 Raf8 34. h3 Ne5 35. Kh2 Bxd4 36. cxd4 Nxd3 37. Re6 Rf4 38. Be7 Re8 39. Rxa6
Rxe7 40. b4 Rb7 41. b5 Rf6 42. b6 Nf4 43. Rb5 Rc6 44. Ra8+ Kf7 45. Ra7 Rxa7 46.
bxa7 Ra6 47. Rb7+ Kf6 48. Rb6+ Rxb6 49. a8=Q Ne6 50. Qxd5 Rb4 51. Qe5+ Kf7 52.
d5 Nf8 53. d6 Ng6 54. Qc5 Rb2 55. Qc7+ Ke6 56. d7 Rd2 57. d8=Q Rxd8 58. Qxd8 h5
59. g3 Ne5 60. Qe8+ Kf6 61. Qxh5 g6 62. Qh8+ Kf5 63. g4+ Kf4 64. Qf6+ Ke4 65.
Kg3 Kd5 66. h4 Ke4 67. Qf4+ Kd5 68. h5 1-0

[Event "Novi (Oct)"]
[Site "?"]
[Date "1994.??.??"]
[Round "?"]
[White "Foord, Allan"]
[Black "Skidmore, Mike"]
[Result "0-1"]
[WhiteElo "1620"]
[BlackElo "1900"]
[PlyCount "76"]
[EventDate "1994.??.??"]

1. e4 c6 2. d4 d5 3. exd5 cxd5 4. Bd3 Nc6 5. c3 Nf6 6. Bf4 Bg4 7. Qb3 Qb6 8.
Nd2 Qxb3 9. Nxb3 e6 10. h3 Bh5 11. g4 Bg6 12. O-O-O Ne4 13. Rh2 Rc8 14. f3 Bd6
15. Bxd6 Nxd6 16. a3 b6 17. Ne2 Bxd3 18. Rxd3 a5 19. Kb1 O-O 20. h4 Nb7 21. h5
b5 22. f4 b4 23. axb4 axb4 24. g5 bxc3 25. Rxc3 Nd6 26. Nc5 Nb5 27. Rd3 Rfe8
28. h6 g6 29. Nd7 Kh8 30. Ne5 Nxe5 31. fxe5 Rc4 32. Rf2 Kg8 33. Rf4 Rb8 34. Rb3
Rc7 35. Rf1 Ra7 36. Rc1 Na3+ 37. bxa3 Rxb3+ 38. Ka2 Raxa3# 0-1

[Event "Detroit (WCO/5/19)"]
[Site "?"]
[Date "1994.??.??"]
[Round "?"]
[White "Foord, Allan"]
[Black "Reeves, Andre"]
[Result "0-1"]
[WhiteElo "1605"]
[BlackElo "1765"]
[PlyCount "30"]
[EventDate "1994.??.??"]

{5/(19)} 1. e4 e6 2. d4 d5 3. Nd2 Nf6 4. e5 Nfd7 5. f4 c5 6. Ngf3 Nc6 7. c3 f6
8. Bb5 Qb6 9. Qa4 a6 10. O-O cxd4 11. cxd4 Be7 12. Nb3 Qxb5 13. Qxb5 axb5 14.
Be3 Nb6 15. Rfc1 Nc4 0-1

[Event "Novi (Oct)"]
[Site "?"]
[Date "1994.??.??"]
[Round "?"]
[White "Foord, Allan"]
[Black "Raffa, F."]
[Result "1/2-1/2"]
[WhiteElo "1620"]
[BlackElo "1605"]
[PlyCount "96"]
[EventDate "1994.??.??"]

1. e4 e5 2. Nf3 d6 3. d4 Nc6 4. dxe5 dxe5 5. Qxd8+ Kxd8 6. Bb5 Bd6 7. O-O Nge7
8. Rd1 Bg4 9. Nbd2 Nd4 10. Ba4 Nxf3+ 11. Nxf3 Bxf3 12. gxf3 Nc8 13. c4 c5 14.
Be3 b6 15. f4 f6 16. Rd2 Ke7 17. fxe5 fxe5 18. Rad1 h6 19. h4 Rf8 20. Kh2 Rf6
21. Rg1 Kf7 22. Bc6 Rb8 23. Bd5+ Kf8 24. h5 Ne7 25. Rgd1 Nxd5 26. Rxd5 Ke7 27.
Rg1 Kf7 28. Rg3 Rg8 29. Kg2 g5 30. hxg6+ Rfxg6 31. Bd2 h5 32. Bc3 Ke6 33. Kh3
Rxg3+ 34. fxg3 Rg4 35. Rd3 Rxe4 36. b3 Be7 37. Rf3 Re2 38. a4 Bg5 39. Rd3 Re3
40. Rxe3 Bxe3 41. Kh4 Bf2 42. Kxh5 Bxg3 43. Kg4 Bf2 44. Kf3 Bd4 45. Bd2 Kf5 46.
Bh6 e4+ 47. Ke2 Bf6 48. Be3 Bg5 1/2-1/2

[Event "Eastpointe (MI Action/1/21)"]
[Site "?"]
[Date "1994.??.??"]
[Round "?"]
[White "Foord, Allan"]
[Black "Parker, Den"]
[Result "1-0"]
[WhiteElo "1665"]
[BlackElo "1605"]
[PlyCount "51"]
[EventDate "1994.??.??"]

{1/(21)} 1. e4 e5 2. Nf3 Nc6 3. Bb5 d6 4. h3 Nge7 5. d4 Bd7 6. Bg5 h6 7. Bh4 g5
8. Bg3 Ng6 9. Bxc6 Bxc6 10. dxe5 Bxe4 11. exd6 cxd6 12. O-O Nf4 13. Bxf4 gxf4
14. Qd4 Bxf3 15. Re1+ Kd7 16. gxf3 Rg8+ 17. Kf1 Qg5 18. Nd2 Qg1+ 19. Ke2 Re8+
20. Ne4 Bg7 21. Qxd6+ Kc8 22. Rxg1 Bxb2 23. Rxg8 Rxg8 24. Rd1 b6 25. Qd7+ Kb8
26. Nd6 1-0